सांख्यदर्शन और विज्ञानभिक्षु / (Record no. 120892)

MARC details
000 -LEADER
fixed length control field 01209nam a22002657a 4500
005 - DATE AND TIME OF LATEST TRANSACTION
control field 20170124103204.0
010 ## - LIBRARY OF CONGRESS CONTROL NUMBER
LC control number A-451946
020 ## - INTERNATIONAL STANDARD BOOK NUMBER
Terms of availability 50.00
035 ## - SYSTEM CONTROL NUMBER
System control number A-451946
037 ## - SOURCE OF ACQUISITION
Source of stock number/acquisition Cen Lib/Ret
040 ## - CATALOGING SOURCE
Original cataloging agency DPL
Language of cataloging HN
082 ## - DEWEY DECIMAL CLASSIFICATION NUMBER
Classification number 181.43
Item number चतुर्वे
100 ## - MAIN ENTRY--PERSONAL NAME
Personal name चतुर्वेदी, उर्मिला
9 (RLIN) 42542
245 ## - TITLE STATEMENT
Title सांख्यदर्शन और विज्ञानभिक्षु /
Statement of responsibility, etc उर्मिला चतुर्वेदी
246 ## - VARYING FORM OF TITLE
Title proper/short title Sankhyedarshan aur vigyanbhikshu /
Remainder of title by Urmila Chaturvedi
260 ## - PUBLICATION, DISTRIBUTION, ETC. (IMPRINT)
Place of publication, distribution, etc वाराणसी
Name of publisher, distributor, etc कला प्रकाशन
Date of publication, distribution, etc 1981
270 ## - ADDRESS
City वाराणसी
Address के-37/55, ग्वालदास साहू लेन, बुलानाला
Postal code 221001
300 ## - PHYSICAL DESCRIPTION
Extent 287पृ.
Dimensions 20सेमी(सजिल्द)
500 ## - GENERAL NOTE
General note अनुक्रमाणिका शामिल
650 ## - SUBJECT ADDED ENTRY--TOPICAL TERM
Topical term or geographic name as entry element सांख्य-दर्शन -- सिद्धान्त
9 (RLIN) 76815
650 ## - SUBJECT ADDED ENTRY--TOPICAL TERM
Topical term or geographic name as entry element हिन्दू धर्म
9 (RLIN) 93276
650 ## - SUBJECT ADDED ENTRY--TOPICAL TERM
Topical term or geographic name as entry element Sankhya philosophy - Theory
9 (RLIN) 93277
650 ## - SUBJECT ADDED ENTRY--TOPICAL TERM
Topical term or geographic name as entry element Hinduism
9 (RLIN) 93278
942 ## - ADDED ENTRY ELEMENTS (KOHA)
Source of classification or shelving scheme Dewey Decimal Classification
Koha item type Hindi Books
Classification part 181.43
Call number suffix चतुर्वे
Holdings
Withdrawn status Lost status Damaged status Not for loan Home library Current library Date acquired Source of acquisition Cost, normal purchase price Total Checkouts Full call number Barcode Date last seen Copy number Cost, replacement price Price effective from Koha item type
        Central Library Central Library 29/09/2015 Cen Lib/Ret 50.00   181.43 चतुर्वे A-451946 29/09/2015 1 50.00 29/09/2015 Hindi Books

© Delhi Public Library
Hit Counter
free hit counter